Typing Challenge: 100 Easter Words Quiz Stats

 Plays Quiz Updated Mar 27, 2016

Challenge
Share
Tweet
Embed
Score 0/100 Timer 03:00
12 Plays Today
What to type ↓ Type here! ↓ % Correct
????
100%
????
99.2%
????
98.5%
????
97.9%
????
97.6%
????
97.2%
????
96.8%
????
96.6%
????
96.4%
????
96.1%
????
95.9%
????
95.8%
????
95.7%
????
95.6%
????
95.4%
????
95.3%
????
95.1%
????
95%
????
94.8%
????
94.7%
????
94.6%
????
94.5%
????
94.4%
????
94.4%
????
94.3%
????
94.1%
????
94%
????
93.8%
????
93.8%
????
93.7%
????
93.6%
????
93.5%
????
93.4%
????
93.3%
What to type ↓ Type here! ↓ % Correct
????
93.2%
????
93%
????
92.8%
????
92.6%
????
92.4%
????
92.2%
????
92%
????
91.9%
????
91.7%
????
91.3%
????
91%
????
90.7%
????
90.5%
????
90.2%
????
89.7%
????
89.4%
????
89.1%
????
88.8%
????
88.4%
????
87.9%
????
87.5%
????
87.1%
????
86.7%
????
86.2%
????
85.6%
????
84.8%
????
84%
????
83.3%
????
82.6%
????
81.9%
????
81%
????
80.3%
????
79.8%
????
79.1%
What to type ↓ Type here! ↓ % Correct
????
78%
????
76.7%
????
76%
????
75.2%
????
74.6%
????
73.7%
????
72.7%
????
71.5%
????
70.3%
????
69.3%
????
68%
????
66.4%
????
64.7%
????
62.8%
????
61.4%
????
59.8%
????
58.3%
????
57.1%
????
55.8%
????
53.8%
????
52.2%
????
50.2%
????
48.3%
????
46.5%
????
44.6%
????
42.7%
????
40.5%
????
38.6%
????
36.4%
????
33.1%
????
30.6%
????
28.3%

You're not logged in!

Compare scores with friends on all Sporcle quizzes.
OR
Log In

You Might Also Like...

Show Comments

Extras

Top Quizzes Today


Score Distribution

Your Account Isn't Verified!

In order to create a playlist on Sporcle, you need to verify the email address you used during registration. Go to your Sporcle Settings to finish the process.

Report this User

Report this user for behavior that violates our Community Guidelines.

Details: